[Event "Baile Herculane op"]
[Site "Baile Herculane"]
[Date "1998.??.??"]
[Round "?"]
[White "Dragomir, Constantin"]
[Black "Tincu, Radu"]
[Result "1/2-1/2"]
[WhiteElo "2205"]
[BlackElo "2210"]
[PlyCount "95"]
[EventDate "1998.12.??"]
[EventType "swiss"]
[EventRounds "9"]
[EventCountry "ROU"]
[SourceTitle "EXT 2004"]
[Source "ChessBase"]
[SourceDate "2003.11.25"]
[SourceVersion "1"]
[SourceVersionDate "2003.11.25"]
[SourceQuality "1"]

1. e4 e6 2. Nc3 d5 3. d3 Nf6 4. Bd2 b6 5. exd5 exd5 6. Be2 c6 7. Bf3 Bd6 8. Nge2 Qc7 9. g3 0-0 10. 0-0 Bf5 11. Nf4 Nbd7 12. Re1 Rfe8 13. Rxe8+ Rxe8 14. Qf1 d4 15. Nce2 c5 16. Nd5 Nxd5 17. Bxd5 Nf6 18. Bg2 Qd7 19. b3 h6 20. a4 a5 21. h4 Bc7 22. Nf4 Re7 23. Re1 Qe8 24. Rxe7 Qxe7 25. Qe2 Qxe2 26. Nxe2 Bg4 27. f3 Bd7 28. Nf4 Kf8 29. Kf2 Ke7 30. g4 Bc6 31. g5 hxg5 32. hxg5 Nd7 33. Nh5 g6 34. Ng3 Nf8 35. f4 Bd7 36. Ne4 Ne6 37. Nf6 Bc8 38. Be4 Ng7 39. Kf3 Be6 40. Bd5 Bc8 41. c3 dxc3 42. Bxc3 Ne6 43. Be4 Nxf4 44. d4 Ne6 45. Nd5+ Kd8 46. dxc5 Nxg5+ 47. Ke3 Nxe4 48. Kxe4 1/2-1/2